00313nam a2200133Ia 4500008004100000041000800041082001500049100001800064245002000082260003600102300002400138365001100162440000600173240624s9999 xx 000 0 und d aeng a658.45 ADA aADAMS DOROTHY aOUTLOOK LEVEL 1 c2007aAustraliabThomson/Heinle a144 : p. : cm. ; 28 cRSb10 v2